LEADER 00554nab a2200145 i 4500 001 000000282498 003 CaOOAMICUS 005 20141110000000.0 008 141110n xx uu u0 0und r 013 $a35361 040 $aSeMil$bita 245 10$aVerdun e l'Europa futura. - 16 p. - Titolo principale dalla prima pagina. 500 $a9 novembre 2014. 773 0 $t[2014 : Luglio-Dicembre].$dBologna : Centro Editoriale Dehoniano, 2014.$w()231076 996 $6245$aVerdun e l'Europa futura. - 16 p. - Titolo principale dalla prima pagina.$9(OLS)http://semarc/title/364553 LEADER 00446nab a2200145 i 4500 001 000000309350 003 CaOOAMICUS 005 20180831172952.0 008 180831n xx uu u0 0und r 013 $a18443 040 $aSeMil$bita 100 1 $aAlbertario, Davide,$c.$0(OLS)http://semarc/name/14608 245 12$aL?Enciclica. 773 0 $t[Luglio-Dicembre].$g483-492$w()273828 996 $6245$aL?Enciclica$9(OLS)http://semarc/title/384418